Laddar...

YOUNG READERS LIBRARY : EVOLUTION

Bibliografiska uppgifter
Huvudupphovsman: MOORE,Ruth
Materialtyp: Printed Book
Publicerad: NEDERLND TIME-LIFE INTERNATIONAL 1969
Ämnen:
LEADER 00507nam a2200205 4500
020
037
082 |a 576.8 MOO 
100 |a MOORE,Ruth 
245 |a YOUNG READERS LIBRARY : EVOLUTION  |h English 
250
260 |a NEDERLND  |b TIME-LIFE INTERNATIONAL  |c 1969 
300 |a 127  |f HB 
500
590
630
650 |a EVOLUTION 
942 |c REF 
999 |c 167860  |d 167860 
952 |0 0  |1 0  |4 0  |6 576_800000000000000_MOO  |7 0  |9 181302  |a BOT  |b BOT  |l 0  |o 576.8 MOO  |p BOT2939  |r 2019-10-25  |w 2019-10-25  |y REF